Príprava učiteľa na vyučovaciu hodinu = Application of teaching aid on Informatics : Diplomová práca

Salvato in:
Dettagli Bibliografici
Autore principale: Baják, Vojtech (Autore)
Altri autori: Vaněček, David, 1- (xxx)
Natura: Manoscritto Libro
Lingua:slovacco
Pubblicazione: Trnava : STU v Bratislave MTF UIPH, 2009
Soggetti:
Tags: Aggiungi Tag
Nessun Tag, puoi essere il primo ad aggiungerne!!

MARC

LEADER 00000ntm a22000003a 4500
001 stu198866
005 20160719160146.7
008 100125s2009----xo------------------slo-d
040 |a STU  |b slo 
041 0 |a slo 
044 |a xo 
100 1 |a Baják, Vojtech  |4 aut 
245 1 |a Príprava učiteľa na vyučovaciu hodinu = Application of teaching aid on Informatics :  |b Diplomová práca 
260 |a Trnava :  |b STU v Bratislave MTF UIPH,  |c 2009 
300 |a 66 s  |c príl (1 CD-ROM) 
500 |a Študijný program: učiteľstvo technických profesijných predmetov 
500 |a Študijný odbor: 1.1.2 učiteľstvo profesijných predmetov a praktickej prípravy 
650 7 |a príprava učiteľa  |2 stusub 
700 1 |a Vaněček, David,  |d 1-  |4 xxx  |X 61766  |7 A000061766 
996 |b 284M077743  |c M*DP-8700  |l MMSKP  |s P  |a 0  |w stu198866_0001